书目信息 |
| 题名: |
水环境监测
|
|
| 作者: | 姚运先 主编 | |
| 分册: | ||
| 出版信息: | 北京 化学工业出版社 2005.05 |
|
| 页数: | 327页 | |
| 开本: | 20cm | |
| 丛书名: | 教育部高职高专规划教材 | |
| 单 册: | ||
| 中图分类: | X832 | |
| 科图分类: | ||
| 主题词: | 水环境--shui huan jing--环境监测--高等学校、技术学校--教材 | |
| 电子资源: | ||
| ISBN: | 7-5025-6709-7 | |
| 000 | 00884nam 2200253 450 | |
| 001 | 010263331984 | |
| 005 | 20060119164456.71 | |
| 010 | @a7-5025-6709-7@dCNY18.00 | |
| 100 | @a20050522d2005 km y0chiy0120 ea | |
| 101 | 0 | @achi |
| 102 | @aCN@b110000 | |
| 105 | @aa a 000yy | |
| 200 | 1 | @a水环境监测@Ashui huan jing jian ce@f姚运先主编@Fyao yun xian zhu bian |
| 210 | @a北京@c化学工业出版社@d2005.05 | |
| 215 | @a327页@c图@d20cm | |
| 225 | 2 | @a教育部高职高专规划教材@Ajiao yu bu gao zhi gao zhuan gui hua jiao cai |
| 320 | @a有书目。 | |
| 330 | @a本书介绍了水样的采集、保存与预处理的新技术、水质监测分析中的质量保证与质量控制技术。 | |
| 410 | 0 | @12001 @a教育部高职高专规划教材 |
| 606 | 0 | @a水环境@Ashui huan jing@x环境监测@x高等学校、技术学校@x教材 |
| 690 | @aX832@v4 | |
| 701 | 0 | @a姚运先@Ayao yun xian@4主编 |
| 801 | 0 | @aCN@bQSSK@c20060119 |
| 905 | @a10447@dX832@eY378 | |
| 水环境监测/姚运先主编.-北京:化学工业出版社,2005.05 |
| 327页:图;20cm.-(教育部高职高专规划教材) |
| ISBN 7-5025-6709-7:CNY18.00 |
| 本书介绍了水样的采集、保存与预处理的新技术、水质监测分析中的质量保证与质量控制技术。 |
| ● |
| 相关链接 |
|
|
|
正题名:水环境监测
索取号:X832/Y378
 
预约/预借
| 序号 | 登录号 | 条形码 | 馆藏地/架位号 | 状态 | 备注 |
| 1 | 579076 | 205790768 | 自科二线504/501自科库 117排1列5层/ [索取号:X832/Y378] | 在馆 | |
| 2 | 579077 | 205790777 | 自科库501/501自科库 117排1列5层/ [索取号:X832/Y378] | 在馆 | |
| 3 | 579078 | 205790786 | 自科库501/501自科库 117排1列5层/ [索取号:X832/Y378] | 在馆 |